Danger... Anglicismes! (Запис № 280596)
[ простий вигляд ]
| 000 -LEADER | |
|---|---|
| fixed length control field | 00641nam a22001697a 4500 |
| 020 ## - INTERNATIONAL STANDARD BOOK NUMBER | |
| International Standard Book Number | 0-960240-35-4 |
| 041 ## - LANGUAGE CODE | |
| Language code of text/sound track or separate title | fre |
| 080 ## - UNIVERSAL DECIMAL CLASSIFICATION NUMBER | |
| Universal Decimal Classification number | 81 |
| 090 ## - LOCALLY ASSIGNED LC-TYPE CALL NUMBER (OCLC); LOCAL CALL NUMBER (OCLC) | |
| Local cutter number (OCLC) ; Book number/undivided call number, CALL (RLIN) | MON |
| 100 ## - MAIN ENTRY--PERSONAL NAME | |
| Personal name | Monod, Pierre A.R. |
| 245 ## - TITLE STATEMENT | |
| Title | Danger... Anglicismes! |
| 260 ## - PUBLICATION, DISTRIBUTION, ETC. (IMPRINT) | |
| Place of publication, distribution, etc | Saint-Boniface |
| Name of publisher, distributor, etc | editions du ble |
| Date of publication, distribution, etc | 1982 |
| 300 ## - PHYSICAL DESCRIPTION | |
| Extent | 134 |
| 520 ## - SUMMARY, ETC. | |
| Summary, etc | Ce livre sadresse tant aux francophones quaux anglophones interesses aux usages errones de termes supposement francais qui proviennent de la langue anglaise. Cet ouvrage sadresse autant au public en general quaux professeurs, quaux etudiants de tous niveaux. |
| -- | Textbooks, Social Sciences, |
| 650 ## - SUBJECT ADDED ENTRY--TOPICAL TERM | |
| Topical term or geographic name as entry element | French |
| 942 ## - ADDED ENTRY ELEMENTS (KOHA) | |
| Koha item type | Книги |
| Withdrawn status | Lost status | Source of classification or shelving scheme | Damaged status | Not for loan | Home library | Current library | Date acquired | Source of acquisition | Coded location qualifier | Cost, normal purchase price | Total Checkouts | Full call number | Barcode | Date last seen | Price effective from | Koha item type |
|---|---|---|---|---|---|---|---|---|---|---|---|---|---|---|---|---|
| Universal Decimal Classification | ВІЛ - Відділ іноземн. літератури НБ | ВІЛ - Відділ іноземн. літератури НБ | 08/08/2005 | Акт | N33 | 11.03 | 81 | 206003 | 08/12/2021 | 21/06/2001 | Книги |